Parlez a l hotel (Record no. 233740)

MARC details
000 -LEADER
fixed length control field 00355pam a2200145 a 4500
020 ## - INTERNATIONAL STANDARD BOOK NUMBER
International Standard Book Number 978-81-8204-030-4
Terms of availability
041 ## - LANGUAGE CODE
Language code of original
082 ## - DEWEY DECIMAL CLASSIFICATION NUMBER
Classification number 613.12
Item number TAL
100 ## - MAIN ENTRY--PERSONAL NAME
Personal name A.Talukdar.
245 ## - TITLE STATEMENT
Title Parlez a l hotel
Medium Textual Documents
250 ## - EDITION STATEMENT
Edition statement 1 st ed /
Remainder of edition statement 2020.
260 ## - PUBLICATION, DISTRIBUTION, ETC.
Place of publication, distribution, etc. new delhi
Name of publisher, distributor, etc. AMAN PUBLICATIONS PRIVATE LIMITED
300 ## - PHYSICAL DESCRIPTION
Extent 138.
930 ## - EQUIVALENCE OR CROSS-REFERENCE-UNIFORM TITLE HEADING [LOCAL, CANADA]
Uniform title 6343
Holdings
Withdrawn status Lost status Source of classification or shelving scheme Damaged status Not for loan Home library Current library Date acquired Source of acquisition Cost, normal purchase price Total Checkouts Full call number Barcode Date last seen Copy number Price effective from Koha item type
    Dewey Decimal Classification     Institute of Hotel Management & Catering Technology, Pune Institute of Hotel Management & Catering Technology, Pune 24/02/2022 Bharati Madyavarti Sahakari Grahak Bhandar 220.00   613.12 TAL HMP-D-9454 07/03/2023 5 07/03/2023 Book
    Dewey Decimal Classification     Institute of Hotel Management & Catering Technology, Pune Institute of Hotel Management & Catering Technology, Pune 24/02/2022 Bharati Madyavarti Sahakari Grahak Bhandar 220.00   613.12 TAL HMP-D-9453 07/03/2023 4 07/03/2023 Book
    Dewey Decimal Classification     Institute of Hotel Management & Catering Technology, Pune Institute of Hotel Management & Catering Technology, Pune 24/02/2022 Bharati Madyavarti Sahakari Grahak Bhandar 220.00   613.12 TAL HMP-D-9452 07/03/2023 3 07/03/2023 Book
    Dewey Decimal Classification     Institute of Hotel Management & Catering Technology, Pune Institute of Hotel Management & Catering Technology, Pune 24/02/2022 Bharati Madyavarti Sahakari Grahak Bhandar 220.00   613.12 TAL HMP-D-9451 07/03/2023 2 07/03/2023 Book
    Dewey Decimal Classification     Institute of Hotel Management & Catering Technology, Pune Institute of Hotel Management & Catering Technology, Pune 24/02/2022 Bharati Madyavarti Sahakari Grahak Bhandar 220.00   613.12 TAL HMP-D-9450 07/03/2023 1 07/03/2023 Book